<?xml version="1.0" encoding="UTF-8"?>
<record
    xmlns:xsi="http://www.w3.org/2001/XMLSchema-instance"
    xsi:schemaLocation="http://www.loc.gov/MARC21/slim http://www.loc.gov/standards/marcxml/schema/MARC21slim.xsd"
    xmlns="http://www.loc.gov/MARC21/slim">

  <leader>02016cam a22003374a 4500</leader>
  <datafield tag="999" ind1=" " ind2=" ">
    <subfield code="c">3356</subfield>
    <subfield code="d">3356</subfield>
  </datafield>
  <controlfield tag="001">46640788</controlfield>
  <controlfield tag="003">OCoLC</controlfield>
  <controlfield tag="005">20181108181848.0</controlfield>
  <controlfield tag="008">010321s2001    ilu      b    000 0 eng  </controlfield>
  <datafield tag="010" ind1=" " ind2=" ">
    <subfield code="a">2001024409</subfield>
  </datafield>
  <datafield tag="020" ind1=" " ind2=" ">
    <subfield code="a">0830824030 (pbk. : alk. paper)</subfield>
  </datafield>
  <datafield tag="020" ind1=" " ind2=" ">
    <subfield code="a">9781844749829</subfield>
  </datafield>
  <datafield tag="020" ind1=" " ind2=" ">
    <subfield code="a">9780830824038 (pbk. : alk. paper)</subfield>
  </datafield>
  <datafield tag="035" ind1=" " ind2=" ">
    <subfield code="a">(OCoLC)46640788</subfield>
  </datafield>
  <datafield tag="040" ind1=" " ind2=" ">
    <subfield code="a">DLC</subfield>
    <subfield code="c">DLC</subfield>
    <subfield code="d">BAKER</subfield>
    <subfield code="d">BTCTA</subfield>
    <subfield code="d">YDXCP</subfield>
    <subfield code="d">HNW</subfield>
    <subfield code="d">IG#</subfield>
    <subfield code="d">BSC</subfield>
  </datafield>
  <datafield tag="042" ind1=" " ind2=" ">
    <subfield code="a">pcc</subfield>
  </datafield>
  <datafield tag="082" ind1=" " ind2=" ">
    <subfield code="a">232.96</subfield>
    <subfield code="b">T558M</subfield>
  </datafield>
  <datafield tag="092" ind1=" " ind2=" ">
    <subfield code="a">232.96</subfield>
    <subfield code="b">T558m, 2001</subfield>
  </datafield>
  <datafield tag="100" ind1="1" ind2=" ">
    <subfield code="a">Tidball, Derek.</subfield>
  </datafield>
  <datafield tag="245" ind1="1" ind2="4">
    <subfield code="a">The message of the cross :</subfield>
    <subfield code="b">wisdom unsearchable, love indestructible/</subfield>
    <subfield code="c">Derek Tidball.</subfield>
  </datafield>
  <datafield tag="260" ind1=" " ind2=" ">
    <subfield code="a">Downers Grove, Ill. :</subfield>
    <subfield code="b">InterVarsity Press,</subfield>
    <subfield code="c">c2001.</subfield>
  </datafield>
  <datafield tag="300" ind1=" " ind2=" ">
    <subfield code="a">341 p. ;</subfield>
    <subfield code="c">21 cm.</subfield>
  </datafield>
  <datafield tag="490" ind1="1" ind2=" ">
    <subfield code="a">Bible speaks today</subfield>
  </datafield>
  <datafield tag="500" ind1=" " ind2=" ">
    <subfield code="a">Includes study guide: p. 321-341.</subfield>
  </datafield>
  <datafield tag="504" ind1=" " ind2=" ">
    <subfield code="a">Includes bibliographical references (p. 14-19).</subfield>
  </datafield>
  <datafield tag="505" ind1="0" ind2=" ">
    <subfield code="a">Introduction : the cross in evangelical spirituality and theology today -- The Lord will provide (Genesis 22:1-19) -- It is the Lord's Passover (Exodus 12:1-51) -- 'This day atonement shall be made for you' (Leviticus 16:1-34) -- 'My God, my God, why?' (Psalm 22:1-31) -- Man of sorrows (Isaiah 52:13-53:12) -- Crucified Messiah (Matthew 26:1-27:56) -- Suffering servant (Mark 14:1-15:47) -- Compassionate Saviour (Luke 22:1-23:56) -- Glorious life-giver (John 18:1-19:42) -- The cross as undeserved righteousness (Romans 3:21-26) -- The cross as wise folly (1 Corinthians 1:18-2:5) -- The cross as fatal reconciliation (2 Corinthians 5:16-21; Ephesians 2:11-22; Colossians 1:19-20) -- The cross as present history (Galatians 2:20; 5:24; 6:14; Philippians 3:10-11) -- The cross as tragic victory (Colossians 2:8-15) -- Once for all (Hebrews 10:1-18) -- To this you were called (1 Peter 1:2, 18-21; 2:13-25; 3:18-22) -- God is love (1 John 4:7-14) -- Worthy is the Lamb (Revelation 5:1-14).</subfield>
  </datafield>
  <datafield tag="650" ind1=" " ind2="0">
    <subfield code="a">Holy Cross.</subfield>
  </datafield>
  <datafield tag="650" ind1=" " ind2="0">
    <subfield code="a">Evangelicalism.</subfield>
  </datafield>
  <datafield tag="830" ind1=" " ind2="0">
    <subfield code="a">Bible speaks today.</subfield>
  </datafield>
  <datafield tag="942" ind1=" " ind2=" ">
    <subfield code="2">ddc</subfield>
    <subfield code="c">BK</subfield>
  </datafield>
  <datafield tag="952" ind1=" " ind2=" ">
    <subfield code="0">0</subfield>
    <subfield code="1">0</subfield>
    <subfield code="2">ddc</subfield>
    <subfield code="4">0</subfield>
    <subfield code="7">0</subfield>
    <subfield code="8">NFIC</subfield>
    <subfield code="a">HMC</subfield>
    <subfield code="b">HMC</subfield>
    <subfield code="c">GEN</subfield>
    <subfield code="d">2018-11-08</subfield>
    <subfield code="g">240.00</subfield>
    <subfield code="l">0</subfield>
    <subfield code="o">232.96 T558M</subfield>
    <subfield code="p">003911</subfield>
    <subfield code="r">2018-11-08 00:00:00</subfield>
    <subfield code="w">2018-11-08</subfield>
    <subfield code="y">BK</subfield>
  </datafield>
</record>
